MARC details
| 000 -LEADER |
| campo de control de longitud fija |
01821nam a2200145 4500 |
| 008 - DATOS DE LONGITUD FIJA--INFORMACIÓN GENERAL |
| campo de control de longitud fija |
708 P123c |
| 082 ## - NÚMERO DE LA CLASIFICACIÓN DECIMAL DEWEY |
| Número de clasificación |
708 |
| Número de ítem |
P123c |
| 100 ## - ENTRADA PRINCIPAL--NOMBRE DE PERSONA |
| Nombre de persona |
Padín, Clemente |
| 9 (RLIN) |
6671 |
| 245 ## - MENCIÓN DEL TÍTULO |
| Título |
Clemente Padín |
| 260 ## - PUBLICACIÓN, DISTRIBUCIÓN, ETC. |
| Lugar de publicación, distribución, etc. |
Montevideo |
| Nombre del editor, distribuidor, etc. |
Banco Central de Uruguay |
| Fecha de publicación, distribución, etc. |
2006 |
| 300 ## - DESCRIPCIÓN FÍSICA |
| Extensión |
350 p. |
| Otras características físicas |
ill |
| Dimensiones |
23 x 16.5 cm |
| 505 ## - NOTA DE CONTENIDO CON FORMATO |
| Título |
Clemente Padín La práctica como crítica |
| Mención de responsabilidad |
Patricia Betancur |
| Título |
Antología de textos |
| -- |
Clemente Padín: Hombre de acción, hombre de teoría |
| Mención de responsabilidad |
César Espinoza |
| Título |
La disección irónica del lenguaje |
| Mención de responsabilidad |
Martín Palacio |
| Título |
Gnosis: serigrafías y textos de Clemente Padín |
| Mención de responsabilidad |
Harry Polkinhorn |
| Título |
Clemente Padín y su "signo" |
| Mención de responsabilidad |
Klaus Peter Dencker |
| Título |
CP: 2003 |
| Mención de responsabilidad |
Fernando López Lage |
| Título |
Un gran mundo ¿verdad? |
| Mención de responsabilidad |
Karl Young |
| Título |
Veinte años después |
| Mención de responsabilidad |
Luis Bravo |
| Título |
Vanguardia: un proyecto semiológico |
| Mención de responsabilidad |
Moacy Cirne (fragmento) |
| Título |
Spam art o cómo convertir en arte el correo basura |
| Mención de responsabilidad |
Silvio Gracia |
| Título |
Selección de textos de Clemente Padín |
| -- |
Las opciones del creador latinoamericano |
| -- |
La performance desde la perspectiva latinoamericana |
| -- |
Edgardo Antonio Vigo: aspiración libertaria |
| -- |
Recordando a Ulises Carrión |
| -- |
Edición facsimilar de la revista Ovum |
| -- |
Publicaciones |
| -- |
Signografías |
| -- |
Películas 1987-2005 |
| -- |
Apéndice |
| -- |
Biografía / Biography |
| -- |
Exposiciones individuales / Solo exhibitions |
| -- |
Exposiciones colectivas / Group shows |
| -- |
Exposiciones y eventos organizados / Organization of exhibitions and events |
| -- |
Arte correo / Mail art |
| -- |
Performance, lecturas e instalaciones / Performances, readings and installations |
| -- |
Becas e invitaciones / Grants and invitations |
| -- |
Publicaciones / Publications |
| -- |
Bibliografía / Bibliography |
| -- |
Fundación y dirección de revistas / Journals: Founder and Director |
| -- |
Videografía / Videography |
| -- |
Texts in english |
| 650 ## - PUNTO DE ACCESO ADICIONAL DE MATERIA--TÉRMINO DE MATERIA |
| Subdivisión general |
arte - exhibicones |
| -- |
arte - biografía |
| -- |
arte - Uruguay |
| 9 (RLIN) |
6672 |
| 700 ## - ENTRADA AGREGADA--NOMBRE PERSONAL |
| Nombre de persona |
Betancur, Patricia (curaduría) |
| 9 (RLIN) |
6673 |